La población y las inmigración en Hispanoamérica (Registro nro. 312821)

Detalles MARC
000 -ENCABEZADO
Número de control [NR] 00575 a2200157 4500
005 - FECHA Y HORA DE LA ÚLTIMA TRANSACCIÓN
control field 20190815124121.0
008 - DE LONGITUD FIJA DE DATOS DE ELEMENTOS - INFORMACIÓN GENERAL
Elementos de longitud fija [NR] 190531b1954 sp ||||| |||| 00| 0 spa d
040 ## - FUENTE DE CATALOGACION [NR]
Agencia de catalogación original [NR] CO-BoUCM
Idioma de catalogación [NR] spa
Quien Cataloga Oscar Ávila (modificó)
Quien Clasifica Oscar Ávila (modificó)
041 0# - CODIGO DE IDIOMA [R]
Código de idioma para texto/pista de sonido o título separado [R] Español
100 10 - ASIENTO PRINCIPAL--NOMBRE PERSONAL [NR]
Nombre personal [NR] Audera, Victor
ID Autoridad 96745
245 13 - MENCION DE TITULO [NR]
Título [NR] La población y las inmigración en Hispanoamérica
Mención de responsabilidad, etc. [NR] Víctor Audera
260 ## - PUBLICACION, DISTRIBUCION, ETC. (PIE DE IMPRENTA) [R]
Nombre del editor, distribuidor, etc. [R] Ediciones Cultura hispánica
Fecha de publicación, distribución, etc. [R] 1954
Lugar de publicación, distribución, etc. [R] Madrid
Fecha de fabricación [R] 1954
650 #7 - ASIENTO SECUNDARIO DE MATERIA - TERMINO TEMATICO [R]
9 (RLIN) 14050
Término temático o nombre geográfico como elemento de entrada [NR] Emigración e inmigración
942 ## - ELEMENTOS DE ENTRADA AGREGADOS (KOHA)
Tipo de ítem principal el descrito en 300a Libro
Sistema de clasificación DEWEY
Tema principal Sociología
Edición 1
Clasificación 307.2
Parte restante de la signatura top. A899p
Existencias
Total préstamos Signatura topográfica Código de barras Última vez visto Ejemplar Costo de reposición Price effective from Tipo de ítem Perdido Sistema de clasificación Dañado No prestable Tipo de ítem específico Suprimido Ubicación habitual Ubicación actual Localización Fecha de creación Proveedor Forma de adquisición Costo
  307.2 A899p 100160847 09/12/2024 Ej.1 26000.00 30/05/2019 Libro   DEWEY     Libro   BodegaJK Claustro Préstamo 2 días después de solicitado 30/05/2019 12 Donación 0.00